| 000 | 00406nam a22001577a 4500 | ||
|---|---|---|---|
| 020 | _a0071226621 | ||
| 082 |
_a624.161 _bLEE _cN-01, p-103. : |
||
| 100 |
_aKenneth M. Leet _942646 |
||
| 245 | _aFundamentals of Structural Analysis | ||
| 250 | _a1st | ||
| 260 | _c2002 | ||
| 300 |
_axviii, 734. p : _bill, _c45cm |
||
| 526 |
_a0 _b0 _c0 _d624_161000000000000_LEE |
||
| 650 |
_aNUST _96342 |
||
| 942 |
_2ddc _cBK |
||
| 999 |
_c546501 _d546501 |
||